Shoebag / (Record no. 1132)

MARC details
000 -LEADER
fixed length control field 00783pam a2200241 a 4500
005 - DATE AND TIME OF LATEST TRANSACTION
control field 20240206153719.0
020 ## - INTERNATIONAL STANDARD BOOK NUMBER
International Standard Book Number 0590430297
040 ## - CATALOGING SOURCE
Original cataloging agency DLC
Transcribing agency DLC
Modifying agency DLC
Language of cataloging eng
050 00 - LIBRARY OF CONGRESS CALL NUMBER
Classification number PZ7.J15417
Item number Sh 1990
082 00 - DEWEY DECIMAL CLASSIFICATION NUMBER
Classification number [Fic]
Edition number 20
100 1# - MAIN ENTRY--PERSONAL NAME
Personal name James, Mary
Dates associated with a name 1927-
245 10 - TITLE STATEMENT
Title Shoebag /
Statement of responsibility, etc. by Mary James
260 ## - PUBLICATION, DISTRIBUTION, ETC.
Place of publication, distribution, etc. New York :
Name of publisher, distributor, etc. Scholastic,
Date of publication, distribution, etc. 1990.
300 ## - PHYSICAL DESCRIPTION
Extent 135 pages :
Dimensions 20 cm
505 ## - FORMATTED CONTENTS NOTE
Formatted contents note R <br/>
520 ## - SUMMARY, ETC.
Summary, etc. Shoebag, a happy young cockroach who finds himself suddenly changed into a little boy, changes the lives of those around him before returning to his former life as an insect.
521 ## - TARGET AUDIENCE NOTE
Target audience note 780 <br/>
Source Lexile <br/>
521 ## - TARGET AUDIENCE NOTE
Target audience note R <br/>
Source Raz-Plus <br/>
650 #1 - SUBJECT ADDED ENTRY--TOPICAL TERM
Topical term or geographic name entry element Cockroaches
General subdivision Fiction.
906 ## - LOCAL DATA ELEMENT F, LDF (RLIN)
a 7
b cbc
c orignew
d 1
e ocip
f 19
g y-gencatlg
942 ## - ADDED ENTRY ELEMENTS (KOHA)
Source of classification or shelving scheme Dewey Decimal Classification
Koha item type Books
Suppress in OPAC No
999 ## -
-- 1132
-- 1132
Holdings
Withdrawn status Lost status Source of classification or shelving scheme Damaged status Not for loan Collection Home library Current library Shelving location Date acquired Total Checkouts Full call number Barcode Date last seen Date last checked out Copy number Price effective from Koha item type Date due
    Dewey Decimal Classification     Fiction Footprints International School Library Network Toul Kork Campus Footprints International School Library Network Toul Kork Campus   08/01/2023 1 JAM Fic PZ7.J15417 FISSE00159 04/23/2025 01/05/2024 1 08/01/2023 Books  
    Dewey Decimal Classification     Fiction Footprints International School Library Network Toul Kork Campus Footprints International School Library Network Toul Kork Campus TK Primary Library Room(4th Floor), Bookcase 5&6, Shelves 33-56, Orange Books 02/06/2024 1 JAM Fic PZ7.J15417 FISTK05491 12/09/2025 12/09/2025 2 02/06/2024 Books 12/23/2025
    Dewey Decimal Classification     Fiction Footprints International School Library Network Toul Kork Campus Footprints International School Library Network Toul Kork Campus TK Primary Library Room(4th Floor), Bookcase 5&6, Shelves 33-56, Orange Books 02/06/2024   JAM Fic PZ7.J15417 FISTK04860 02/06/2024   3 02/06/2024 Books